000 01666pam a2200385 a 4500
001 633681
003 US-DLC
005 20180103080009.0
008 930326s1993 nyua j 001 0 eng
010 _a 93010588
020 _a0585306168 (electronic bk.)
020 _a0471586315 :
_c$22.95
040 _aDLC
_cDLC
_dDLC
042 _alcac
050 0 0 _a540.78
_b.V37 1993
082 0 0 _a540.78 VAN
_220
100 1 _aVanCleave, Janice Pratt.
245 1 0 _aJanice VanCleave's A+ projects in chemistry :
260 _aNew York :
_bWiley,
_cc1993.
300 _a233 p. :
_bill. ;
_c24 cm.
500 _aIncludes index.
520 _aProvides step-by-step instructions for thirty advanced chemistry experiments suitable for science fairs.
530 _aAlso available as an electronic book via the World Wide Web to institutions affiliated with netLibrary, Inc.
650 0 _aChemistry
_xExperiments
_xJuvenile literature.
650 1 _aChemistry
_xExperiments.
650 1 _aExperiments.
650 1 _aScience projects.
740 0 _aA+ projects in chemistry.
740 0 _aJanice VanCleave's A plus projects in chemistry.
856 4 2 _3Publisher description
_uhttp://www.loc.gov/catdir/description/wiley037/93010588.html
856 4 _3Table of Contents
_uhttp://www.loc.gov/catdir/toc/onix03/93010588.html
906 _a7
_bcbc
_corignew
_d1
_eocip
_f19
_gy-gencatlg
942 _2ddc
_cBK
999 _c39649
_d39649